[Event "Terrassa op"]
[Site "Terrassa"]
[Date "1996.??.??"]
[Round "3"]
[White "Anglada Bigorda, Josep"]
[Black "Sanchez Garcia, C."]
[Result "1-0"]
[WhiteElo "2285"]
[BlackElo "2045"]
[PlyCount "95"]
[EventDate "1996.07.??"]
[EventType "swiss"]
[EventRounds "9"]
[EventCountry "ESP"]
[SourceTitle "EXT 2002"]
[Source "ChessBase"]
[SourceDate "2001.11.25"]
[SourceVersion "1"]
[SourceVersionDate "2001.11.25"]
[SourceQuality "1"]

1. d4 Nf6 2. Bg5 Ne4 3. Bf4 g5 4. Be5 Rg8 5. Qd3 d5 6. f3 Nf6 7. Bxf6 exf6 8. Nc3 Nc6 9. a3 f5 10. 0-0-0 Be6 11. e4 dxe4 12. fxe4 fxe4 13. Qxe4 Qf6 14. Bb5 0-0-0 15. Bxc6 bxc6 16. Qxc6 Rxd4 17. Qa8+ Kd7 18. Nge2 Rd6 19. Rxd6+ cxd6 20. Qxa7+ Ke8 21. Ne4 Qd8 22. Nd4 Be7 23. Rd1 Bd7 24. Qb7 Kf8 25. Nc6 Bxc6 26. Qxc6 Rg6 27. Qd5 Re6 28. Rf1 Kg8 29. Ng3 Bf6 30. Nf5 Qe8 31. Kb1 Re1+ 32. Rxe1 Qxe1+ 33. Ka2 Qe6 34. Qxe6 fxe6 35. Nxd6 Be5 36. Ne4 g4 37. h3 gxh3 38. gxh3 Kf7 39. a4 Kg6 40. a5 Kf5 41. Nc5 Bb8 42. b4 Ba7 43. Kb3 e5 44. Kc3 e4 45. Kd2 Kf4 46. Ke2 h5 47. Ne6+ Kg3 48. b5 1-0